00365 a2200109 450000100060000008200120000610000650001824501100008326000260019330000140021950000220023392215 aPR 2496 aAbrar Ahmed; Prof Ali Sarosh and Dr. Athar Kharal (Advisors) aAn Adaptive Neuro-Fuzzy Inference system for Parameters Prediction of Tactical Missile Systemsh78 "A" EC aIslamabadbNUSTc2015 axiii,56p. aBE Project Report